|
|
|
|
| LEADER |
00671cam a2200157ua 4500 |
| 082 |
|
|
|a M 894.812 16
|b GOV/I
|
| 100 |
|
|
|a ഗോവിന്ദൻ നായർ, ഇടശ്ശേരി
|
| 245 |
0 |
0 |
|a ഇടശ്ശേരിയുടെ കവിതകൾ: സമ്പൂർണ സമാഹാരം
|
| 260 |
|
|
|a Kochi
|b Idassery Publications
|c 1988
|
| 300 |
|
|
|a 946p.
|
| 650 |
0 |
|
|a Malayalam literature - Poetry
|
| 650 |
0 |
|
|a Idasseriyude kavithakal: sampoorna samaahaaram
|
| 700 |
0 |
2 |
|a Govindan Nair, Idassery
|
| 942 |
|
|
|c BK
|
| 999 |
|
|
|c 9583
|d 9583
|
| 952 |
|
|
|0 0
|1 0
|4 0
|6 M_894_812000000000000_16_GOVI
|7 0
|8 Stack
|9 9986
|a KUCL
|b KUCL
|d 2014-05-23
|l 0
|o M 894.812 16 GOV/I
|p 02919
|r 2017-03-09
|y BK
|